Ocean meets sky / (Record no. 233133)
[ view plain ]
| 000 -LEADER | |
|---|---|
| fixed length control field | 01405cam a2200373 i 4500 |
| 001 - CONTROL NUMBER | |
| control field | BK0021677226 |
| 003 - CONTROL NUMBER IDENTIFIER | |
| control field | DLC |
| 005 - DATE AND TIME OF LATEST TRANSACTION | |
| control field | 20210831140321.0 |
| 008 - FIXED-LENGTH DATA ELEMENTS--GENERAL INFORMATION | |
| fixed length control field | 170630s2018 nyua b 000 1 eng d |
| 010 ## - LIBRARY OF CONGRESS CONTROL NUMBER | |
| LC control number | 2017022012 |
| 020 ## - INTERNATIONAL STANDARD BOOK NUMBER | |
| International Standard Book Number | 9781481470377 : SAL |
| Terms of availability | 17.99 |
| 020 ## - INTERNATIONAL STANDARD BOOK NUMBER | |
| International Standard Book Number | 148147037X : SAL |
| Terms of availability | 17.99 |
| Cancelled/invalid ISBN | 9781481470384 (ebook) |
| 037 ## - SOURCE OF ACQUISITION | |
| Source of stock number/acquisition | Simon & Schuster, 100 Front st, Riverside, NJ, USA, 08075-7500 |
| Note | SAN 200-2442 |
| 040 ## - CATALOGING SOURCE | |
| Original cataloging agency | DLC |
| Language of cataloging | eng |
| Transcribing agency | DLC |
| Description conventions | rda |
| Modifying agency | DLC |
| 050 00 - LIBRARY OF CONGRESS CALL NUMBER | |
| Classification number | PZ7.1 |
| Item number | .O198 2018 |
| 082 00 - DEWEY DECIMAL CLASSIFICATION NUMBER | |
| Classification number | [E] |
| Edition number | 23 |
| 092 ## - LOCALLY ASSIGNED DEWEY CALL NUMBER (OCLC) | |
| Classification number | E |
| 100 ## - MAIN ENTRY--PERSONAL NAME | |
| Personal name | Fan, Terry/ Fan, Eric (ILT) |
| 9 (RLIN) | 6425778 |
| 245 00 - TITLE STATEMENT | |
| Title | Ocean meets sky / |
| Statement of responsibility, etc | The Fan Brothers. |
| 250 ## - EDITION STATEMENT | |
| Edition statement | First edition. |
| 264 #1 - Production, Publication, Distribution, Manufacture, and Copyright Notice. | |
| Place of production, publication, distribution, manufacture | New York : |
| Name of producer, publisher, distributor, manufacturer | Simon & Schuster Books for Young Readers, |
| Date of production, publication, distribution, manufacture, or copyr | [2018] |
| 300 ## - PHYSICAL DESCRIPTION | |
| Extent | 1 volume (unpaged) : |
| Other physical details | color illustrations ; |
| Dimensions | 24 x 29 cm |
| 336 ## - Content Type | |
| Content type term | text |
| 336 ## - Content Type | |
| Content type term | still image |
| 337 ## - Media type | |
| Media type term | unmediated |
| 338 ## - Carrier type | |
| Carrier type term | volume |
| 521 1# - TARGET AUDIENCE NOTE | |
| Target audience note | Ages 4-8. |
| 520 ## - SUMMARY, ETC. | |
| Summary, etc | "A little boy builds a ship to honor his late grandfather and sets sail for the magical place where ocean meets sky from his grandfather's stories"-- |
| -- | Provided by publisher. |
| 650 #1 - SUBJECT ADDED ENTRY--TOPICAL TERM | |
| Topical term or geographic name as entry element | Sailing |
| Form subdivision | Fiction. |
| 9 (RLIN) | 5745983 |
| 650 #1 - SUBJECT ADDED ENTRY--TOPICAL TERM | |
| Topical term or geographic name as entry element | Ocean |
| Form subdivision | Fiction. |
| 9 (RLIN) | 5719409 |
| 650 #1 - SUBJECT ADDED ENTRY--TOPICAL TERM | |
| Topical term or geographic name as entry element | Grandfathers |
| Form subdivision | Fiction. |
| 9 (RLIN) | 5684783 |
| 650 #1 - SUBJECT ADDED ENTRY--TOPICAL TERM | |
| Topical term or geographic name as entry element | Imagination |
| Form subdivision | Fiction. |
| 9 (RLIN) | 5674599 |
| 710 2# - ADDED ENTRY--CORPORATE NAME | |
| Corporate name or jurisdiction name as entry element | Fan Brothers. |
| 9 (RLIN) | 5923798 |
| Withdrawn status | Lost status | Source of classification or shelving scheme | Damaged status | Not for loan | Collection code | Home library | Current library | Shelving location | Date acquired | Source of acquisition | Cost, normal purchase price | Total Checkouts | Total Renewals | Full call number | Barcode | Checked out | Date last seen | Date checked out | Cost, replacement price | Price effective from | Koha item type |
|---|---|---|---|---|---|---|---|---|---|---|---|---|---|---|---|---|---|---|---|---|---|
| Dewey Decimal Classification | Children Picture Books | Wasatch County Library | Wasatch County Library | Main Floor Childrens Area | 08/02/2018 | 17.99 | 22 | 15 | E Fan | 34301001574708 | 04/25/2026 | 02/24/2026 | 02/24/2026 | 17.99 | 03/20/2020 | BOOK | |||||
| Dewey Decimal Classification | Children Picture Books | Wasatch County Library | Wasatch County Library | Main Floor Childrens Area | 07/12/2018 | Amazon | 17.99 | 33 | 19 | E Fan | 34301001574104 | 04/30/2026 | 03/04/2026 | 03/04/2026 | 17.99 | 03/20/2020 | BOOK |
